Contribución al estudio bacteriológico y terapéutica de la lepra (Record no. 162009)

MARC details
000 -LEADER
campo de control de longitud fija 00741nam a22001815i 4500
001 - NÚMERO DE CONTROL
campo de control 162009
003 - IDENTIFICADOR DE NÚMERO DE CONTROL
campo de control ES-MaACL
005 - FECHA Y HORA DE LA ÚLTIMA TRANSACCIÓN
campo de control 20230906212414.0
008 - DATOS DE LONGITUD FIJA--INFORMACIÓN GENERAL
campo de control de longitud fija 041027s1901 sp |||| | spa d
040 ## - FUENTE DE CATALOGACIÓN
Centro catalogador/agencia de origen CAM
Lengua de catalogación spa
Centro/agencia transcriptor CAM
100 1# - ENTRADA PRINCIPAL--NOMBRE DE PERSONA
Nombre de persona Peyri Rocamora, Jaime.
9 (RLIN) 198161
245 10 - MENCIÓN DEL TÍTULO
Título Contribución al estudio bacteriológico y terapéutica de la lepra
Resto del título : tésis que para el grado de doctor en medicina /
Mención de responsabilidad, etc. presenta Jaime Peyrí Rocamora, Curso 1900-1901.
260 ## - PUBLICACIÓN, DISTRIBUCIÓN, ETC.
Lugar de publicación, distribución, etc. Barcelona :
Nombre del editor, distribuidor, etc. [s.n.,
Fecha de publicación, distribución, etc. 1901?] (
Fabricante Establecimiento tipográfico de Vilà y Cª)
300 ## - DESCRIPCIÓN FÍSICA
Extensión 16 p. ;
Dimensiones 25 cm.
650 04 - PUNTO DE ACCESO ADICIONAL DE MATERIA--TÉRMINO DE MATERIA
Término de materia o nombre geográfico como elemento de entrada Lepra.
9 (RLIN) 14372
852 ## - LOCALIZACIÓN
Ubicación ES-MaACL
Número de control de estantería T-1046-F-15
Nota libre -- Enc. hol.
condición física -- Falto de la cub. original
Nota libre -- Enc. en un vol. facticio
Holdings
Estatus retirado Estado de pérdida Estado de daño No para préstamo Colección Biblioteca de origen Biblioteca actual Ubicación en estantería Fecha de adquisición Total de préstamos Signatura topográfica completa Código de barras Visto por última vez Precio de reemplazo Tipo de ítem Koha
        Colección de folletos Biblioteca del Ateneo de Madrid Biblioteca del Ateneo de Madrid Depósito folletos 17/01/2008   T-1046-F-15 1169709 23/02/2023 23/02/2023 Folleto